000 01398nam a22004097a 4500
001 000100000
003 CHAP
005 20220817044258.0
008 090703s2006 it rn 00010 fr d
010 _a96463
011 _a97435
020 _a9789252056324
035 _a108103
040 _cCHAP
082 0 4 _a641
_bF3f v.88
110 2 _aFAO
245 1 0 _aPromotion de la participation des pays en développement aux avis scientifiques FAO/OMS. Rapport d'une réunion conjointe FAO/OMS Belgrade (Serbie-et-Monténégro) 12-15 décembre 2005 /
_c/par FAO.
260 _aRome :
_bFAO,
_c2006.
300 _avii, 52 p. :
_bcuadros.
490 0 _aAlimentación y nutrición
_v; 88
590 _aBATCH-UPD
_b10
_c20130110
_lUCH01
_h1029
590 _aBATCH-UPD
_b10
_c20130410
_lUCH01
_h0632
590 _aBATCH-UPD
_b10
_c20130914
_lUCH01
_h0216
590 _aCONVERSION
_b10
_c20130109
_lUCH01
_h1353
590 _aE11695DGD
_b10
_c20150602
_lUCH01
_h1206
650 1 4 _aAlimentos
_xCalidad.
650 1 4 _aAlimentos
_xHigiene.
_94224
650 1 4 _aCiencia y sociedad.
_923155
650 1 4 _aCientificos
_xpaíses subdesarrollados.
_923245
650 1 4 _aDesarrollo económico.
650 1 4 _aPolítica agrícola.
_990283
650 1 4 _aPolítica científica
_xPaíses subdesarrollados.
_990468
830 0 0 _aAlimentacion y nutricion
_v; 88
_94112
901 _aBK
942 _cLIBRO
942 _n0
999 _c96463
_d96463